000 00242nam a2200109 a 4500
008 090929s1990|||| d
100 1 _aBrinkeová
245 1 0 _aCaddie
260 _bBratislava
_aMladé letá
_c1990
041 _aslo
044 _axo
_cSK
999 _c17
_d17